000 00867nam a2200241Ia 4500
003 OSt
005 20220923222340.0
006 a|||||r|||| 00| 0
007 ta
008 220922b |||||||| |||| 00| 0 hin d
024 _a204,584
037 _cTextual
040 _aARTS
_cARTS
_bhin
041 _2hin
_ahin
082 _aO157,2M61,1, 152K2
100 _aठाकुर, रवीन्द्रनाथ; द्विवेदी, हजारीप्रसाद, अनु.
_9165933
245 0 _aलाल कनेर
246 _aLāl kanera
260 _c1962
650 _aबंगाली साहित्य
_9156264
942 _hO157,2M61,1, 152K2
_cTEXL
_2CC
999 _c355332
_d355332